DIFFRENTIAL OF INTEGRAL CALCULUS INTERMEDEIATE AND HIGHER SECONDARY CLASSES (Record no. 584968)
[ view plain ]
| 000 -LEADER | |
|---|---|
| fixed length control field | 00302nam a22001097a 4500 |
| 082 ## - DEWEY DECIMAL CLASSIFICATION NUMBER | |
| Classification number | 515.1 CHW'D |
| 100 ## - MAIN ENTRY--PERSONAL NAME | |
| Personal name | CHAWLA, L.M,NAISR-UD-DIN |
| 9 (RLIN) | 79988 |
| 245 ## - TITLE STATEMENT | |
| Title | DIFFRENTIAL OF INTEGRAL CALCULUS INTERMEDEIATE AND HIGHER SECONDARY CLASSES |
| 260 ## - PUBLICATION, DISTRIBUTION, ETC. | |
| Place of publication, distribution, etc. | LAHORE |
| Name of publisher, distributor, etc. | RIPSON |
| Date of publication, distribution, etc. | 1940 |
| 300 ## - PHYSICAL DESCRIPTION | |
| Extent | 226P |
| 942 ## - ADDED ENTRY ELEMENTS (KOHA) | |
| Koha item type | Book |
| Withdrawn status | Lost status | Damaged status | Not for loan | Permanent Location | Current Location | Shelving location | Date acquired | Total Checkouts | Full call number | Barcode | Date last seen | Price effective from | Koha item type |
|---|---|---|---|---|---|---|---|---|---|---|---|---|---|
| College of Electrical & Mechanical Engineering (CEME) | College of Electrical & Mechanical Engineering (CEME) | General Stacks | 07/06/2017 | 515.1 CHW'D | CEME-6168 | 06/28/2021 | 06/28/2021 | Book |
